[Event "Lansing op"]
[Site "Lansing"]
[Date "2004.09.05"]
[Round "4"]
[White "McLeod, Robert"]
[Black "Heldt, Eddie"]
[Result "1-0"]
[WhiteElo "741"]
[BlackElo "785"]
[PlyCount "77"]
[EventDate "2004.09.03"]
[EventType "swiss"]
[EventRounds "7"]
[EventCountry "USA"]
[SourceTitle "EXT 2007"]
[Source "ChessBase"]
[SourceDate "2006.11.23"]
[SourceVersion "1"]
[SourceVersionDate "2006.11.23"]
[SourceQuality "1"]

1. e4 e5 2. Nc3 Nf6 3. Nf3 d6 4. d4 exd4 5. Nxd4 Nc6 6. Bb5 Bd7 7. 0-0 Qe7 8. Re1 Qe5 9. Nf3 Qe6 10. Ng5 Qe5 11. Bc4 Be6 12. Bxe6 fxe6 13. Nf3 Qc5 14. Ng5 Nd4 15. Be3 e5 16. Ne6 Qc4 17. Nxd4 exd4 18. Bxd4 0-0-0 19. Bxa7 b6 20. Qf3 Qb4 21. Rab1 Qa5 22. Bxb6 Qxb6 23. b3 Qd4 24. Rbd1 Qe5 25. Rd3 d5 26. Red1 d4 27. Ne2 Bc5 28. Rxd4 Bxd4 29. Nxd4 Rxd4 30. Rxd4 Qxd4 31. h3 Nxe4 32. a4 Qa1+ 33. Kh2 Qxa4 34. bxa4 Nc5 35. a5 Kd7 36. Qf7+ Kc6 37. Qxg7 Ne6 38. Qxh8 Kb5 39. Qa8 1-0

[Event "Kalamazoo op1"]
[Site "Kalamazoo"]
[Date "2003.09.01"]
[Round "6.14"]
[White "Spindleman, Brian"]
[Black "Heldt, Eddie"]
[Result "1-0"]
[WhiteElo "1060"]
[BlackElo "767"]
[PlyCount "42"]
[EventDate "2003.08.29"]
[EventType "swiss"]
[EventRounds "7"]
[EventCountry "USA"]
[SourceTitle "EXT 2007"]
[Source "ChessBase"]
[SourceDate "2006.11.23"]
[SourceVersion "1"]
[SourceVersionDate "2006.11.23"]
[SourceQuality "1"]

1. d4 d5 2. Bg5 f6 3. Bf4 Nc6 4. Nf3 Bf5 5. a3 e6 6. Nc3 Bd6 7. Bxd6 Qxd6 8. e3 0-0-0 9. Nh4 Nh6 10. h3 g5 11. Nxf5 Nxf5 12. Bd3 Rhe8 13. Qe2 e5 14. Bxf5+ Kb8 15. dxe5 Qxe5 16. Bxh7 d4 17. Bg6 Re6 18. exd4 Qxe2+ 19. Nxe2 Nxd4 20. Bd3 Rde8 21. 0-0 Nxe2+ 1-0

[Event "Kalamazoo op1"]
[Site "Kalamazoo"]
[Date "2003.08.31"]
[Round "5.11"]
[White "Heldt, Eddie"]
[Black "Snyder, Katrina"]
[Result "0-1"]
[WhiteElo "767"]
[BlackElo "1118"]
[PlyCount "38"]
[EventDate "2003.08.29"]
[EventType "swiss"]
[EventRounds "7"]
[EventCountry "USA"]
[SourceTitle "EXT 2007"]
[Source "ChessBase"]
[SourceDate "2006.11.23"]
[SourceVersion "1"]
[SourceVersionDate "2006.11.23"]
[SourceQuality "1"]

1. e4 e5 2. Nf3 Nc6 3. Bb5 Nf6 4. Nc3 a6 5. Bxc6 bxc6 6. Nxe5 Bd6 7. d4 c5 8. 0-0 cxd4 9. Qxd4 c5 10. Nxf7 cxd4 11. Nxd8 dxc3 12. Re1 Bb4 13. bxc3 Bxc3 14. Re3 Bxa1 15. c3 0-0 16. c4 Rxd8 17. e5 Ng4 18. Re4 Nxe5 19. Rxe5 Bxe5 0-1